Los Planes sectoriales de coordinación interadministrativa de la actividad local / Francisco Lliset Borrell y Anabel Lliset Canelles
ISBN:
84-7794-101-7
Descripción Física:
124 p. ; 24 cm
Colección:
Biblioteca Prat de la Riba ; 8
Otros Autores:
Lliset i Canelles, Ana-Isabel
MARC
| LEADER | 00000nam a2200000Ia 4500 | ||
|---|---|---|---|
| 001 | 13636 | ||
| 008 | 160829s9999 xx 000 0 cat d | ||
| 020 | |a 84-7794-101-7 | ||
| 080 | |a M-4-14 | ||
| 100 | 1 | |a Lliset Borrell, Francisco, |d 1932-2010 |9 3337 | |
| 245 | |a Los Planes sectoriales de coordinación interadministrativa de la actividad local / Francisco Lliset Borrell y Anabel Lliset Canelles | ||
| 260 | |a [Barcelona] : |b Diputació de Barcelona, DL 1990 | ||
| 300 | |a 124 p. ; |c 24 cm | ||
| 490 | |a Biblioteca Prat de la Riba ; 8 | ||
| 590 | |a Notes, referències bibliogràfiques, bibliografia | ||
| 650 | |a Administració local |x Espanya |x Relacions amb el govern |9 23748 | ||
| 650 | |a Administració local |x Catalunya |x Relacions amb el govern |9 23749 | ||
| 700 | 1 | |a Lliset i Canelles, Ana-Isabel |9 276 | |
| 901 | |a Arxiu | ||
| 942 | |n 1 | ||
| 952 | |0 0 |1 0 |4 0 |6 M414 |7 1 |9 42835 |a Arxiu |b Arxiu |d 2016-12-01 |l 0 |o M-4-14 |p 13636 |r 2016-12-01 00:00:00 |w 2016-12-01 |y ARXIU | ||
| 999 | |c 45341 |d 45341 | ||